00451nam a2200145Ia 4500008004100000020001800041082001400059100002200073245007000095260003500165300001000200500003600210650001800246700004100264120622s9999 xx 000 0 und d a84-493-0991-3 a659 M435l aMattelart, Armand aLa publicidad / Armand Mattelart ; tr. de Clara Valle T. Figueras aBarcelona : Paidós Ibérica a142 p aTítulo original: La publicite a1. PUBLICIDAD aI. Valle T. Figueras, Clara ; tr.Ì